|
|
|
|
| LEADER |
01634nam a22003012a 4500 |
| 001 |
000945476 |
| 003 |
CZ BrMZK |
| 005 |
20090804082325.0 |
| 007 |
ta |
| 008 |
090610s1968 xr er|||||||||||cze d |
| 015 |
|
|
|a cnb000448062
|
| 035 |
|
|
|a (OCoLC)7153576
|
| 040 |
|
|
|a ABA001
|b cze
|c PNA001
|d ABA001
|d BOA001
|
| 080 |
9 |
|
|a 885-311.1
|
| 100 |
1 |
|
|a Svozilová-Johnová, Herma,
|d 1914-2009
|7 jk01122150
|4 aut
|
| 245 |
1 |
0 |
|a Justina je svědek /
|c Herma Svozilová-Johnová
|
| 250 |
|
|
|a 1. vyd.
|
| 260 |
|
|
|a Praha :
|b Československý spisovatel,
|c 1968
|e (Brno :
|f Tisk 2)
|
| 300 |
|
|
|a 217, [3] s. ;
|c 8°
|
| 490 |
1 |
|
|a Nová próza ;
|v sv. 6
|
| 520 |
|
|
|a Román o ztroskotaném manželství, který se odehrává v Praze v roce 1966 a v retrospektivě na malém městě na sklonku první republiky a za okupace. V pražském bytě bydlí tři lidé, dva kdysi velmi šťastní manželé, nyní však pro zásah zvenčí vzájemně k sobě lhostejní, jdoucí si každý svou cestou, a jejich celoživotní druh, prostá žena, která podniká vše k záchraně jejich manželství a nakonec mstí jejich neštěstí. Román, který není ani skeptický, ani resignující.
|
| 830 |
|
0 |
|a Nová próza (Československý spisovatel)
|0 s
|
| 856 |
4 |
1 |
|u http://www.digitalniknihovna.cz/mzk/uuid/uuid:8181b0a0-49d8-11e2-a9ad-005056827e51
|y Digitalizovaný dokument
|x NDK
|
| 910 |
|
|
|a BOA001
|b 1-0605.202
|
| 990 |
|
|
|a BK
|
| 991 |
|
|
|b 200906
|
| 996 |
7 |
|
|b 2619481044
|c 1-0605.202
|l MZK
|r Sklad / do 1 hodiny
|n 0
|w 000945476
|u 000020
|a 1
|e BOA001
|j MZK50
|s A
|
| 996 |
6 |
|
|b 2619481045
|c 1-0605.202
|l MZK
|r Sklad / do 1 hodiny
|n 0
|w 000945476
|u 000010
|a 1
|e BOA001
|j MZK50
|s P
|